Statistics for Counties On The Equator, Tropic Of Cancer And Tropic Of Capricorn

Click here to take the quiz!

General Stats

  • This quiz has been taken 125 times
    (119 since last reset)
  • The average score is 35 of 44

Answer Stats

Country% Correct
Tropic of CapricornBrazil
96%
Brazil
96%
Argentina
90%
Australia
90%
Chile
90%
Coral Sea Islands Territory (Australia)
90%
India
90%
Kenya
90%
EquatorEcuador
89%
Indonesia
89%
Peoples Republic Of China
86%
Republic Of China
86%
Somalia
85%
Democratic Republic Of The Congo
84%
Mexico
84%
Republic Of The congo
84%
Egypt
83%
Gabon
83%
Paraguay
83%
Uganda
83%
Saudi Arabia
82%
Colombia
81%
Myanmar
80%
Niger
80%
Algeria
78%
Chad
78%
Libya
78%
Madagascar
78%
South Africa
78%
Mali
77%
Namibia
76%
Oman
75%
Botswana
74%
Mozambique
73%
United Arab Emirates
73%
Bangladesh
72%
Topic Of CancerUnited States (Hawaii)
72%
Mauritania
68%
Bahamas
64%
Maldives
63%
Fiji
57%
Kiribati
57%
Tonga
53%
Sao Tome And Principe
40%

Score Distribution

Percentile by Number Answered

Percent of People with Each Score

Your Score History

You have not taken this quiz since the last reset